000 00753nam a2200205 i 4500
001 36917
003 ES-MaACL
005 20251012173952.0
007 t|
008 030219s1949 sp ||||1| spa d
100 1 _aBouza-Brey Trillo, Fermín,
_d1901-1973
_931103
245 1 0 _aInscripciones romanas de Galicia
_b: Santiago de Compostela /
_cpor Fermín Bouza Brey y Alvaro D'Ors.
260 _aSantiago :
_bInstituto Padre Sarmiento de Estudios Gallegos,
_c1949.
300 _a53 p., 4 lám. ;
_c24 cm.
650 0 4 _aInscripciones latinas-
_zEspaña.
_913821
700 1 _aOrs, Álvaro d',
_d1915-2004
_9139081
710 0 0 _aInstituto de Estudios Gallegos "Padre Sarmiento"
_94903
852 _aES-MaACL
_jB-13879
999 _c36917
_d36917